Légions romaines - Statistiques

Statistiques générales
  • Ce quiz a été pris 11 fois
  • Le résultat moyen est 18 sur 45
Statistiques - réponses
Numéro Légion % Correct
Legio II Augusta
75%
Legio III Augusta
75%
Legio VIII Augusta
75%
Legio XII Fulminata
63%
Legio I Germanica
63%
Legio I Italica
63%
Legio II Italica
63%
Legio III Italica
63%
Legio VI Victrix
63%
Legio I Adiutrix
50%
Legio II Adiutrix
50%
Legio VII Claudia
50%
Legio XI Claudia
50%
Legio II Gallica
50%
Legio III Gallica
50%
Legio XVI Gallica
50%
Legio VII Gemina
50%
Legio X Gemina
50%
Legio XIII Gemina
50%
Legio V Alaudae
38%
Legio VI Ferrata
38%
Legio I Parthica
38%
Legio II Parthica
38%
Legio III Parthica
38%
Legio XXI Rapax
38%
Legio XX Valeria
38%
Legio XV Appolinaris
25%
Legio III Cyreanaica
25%
Legio XXII Deiotariana
25%
Legio IV Flavia Felix
25%
Legio XVI Flavia Firma
25%
Legio X Fretensis
25%
Legio XIV Gemina Martia Victrix
25%
Legio IX Hispana
25%
Legio I Illyricorum
25%
Legio IV Macedonica
25%
Legio V Macedonica
25%
Legio I Minervia
25%
Legio II Primigenia
25%
Legio XV Primigenia
25%
Legio XXII Primigenia
25%
Legio XXX Ulpia Victrix
25%
Legio IV Marthia
13%
Legio IV Scythica
13%
Legio II Traiana Fortis
13%
Aucun quiz correspondant
Distribution des résultats
% des personnes avec chaque résultat
Percentile par nombre de réponses
Votre historique - résultats
Vous n’avez pas pris ce quiz